| 000 | 00330pam a2200133 a 4500 | ||
|---|---|---|---|
| 020 | _c | ||
| 041 | _h | ||
| 082 | _bMAH | ||
| 100 | _aMahajan, V.S. | ||
| 245 |
_aPolitical Economy Of Economic Reorms And Liberalisation _hTextual Documents |
||
| 260 |
_aNew Delhi _bDeep And Deep Publication |
||
| 300 | _a734/PB | ||
| 930 | _a10695 | ||
| 999 |
_c117518 _d117518 |
||